|
|
|
|
| LEADER |
00822nam a2200241 i 4500 |
| 001 |
c000076122 |
| 003 |
CARM |
| 005 |
00000000000000.0 |
| 008 |
791127s1979 enk 00011 eng d |
| 015 |
|
|
|a B7919655
|
| 019 |
1 |
|
|a 1916498
|5 LACONCORD2021
|
| 020 |
|
|
|a 0709173881 :
|c L.3.95
|
| 035 |
|
|
|a (OCoLC)16498868
|5 LACONCORD2021
|
| 100 |
1 |
|
|a Wilson, Sandra.
|
| 245 |
1 |
0 |
|a Jessica /
|c Sandra Wilson.
|
| 260 |
|
|
|a London :
|b Hale,
|c 1979.
|
| 300 |
|
|
|a 158 p. ;
|c 21cm.
|
| 500 |
|
|
|a Fiction in English, 1900-. Texts (BNB/PRECIS)
|
| 650 |
|
0 |
|a English fiction.
|
| 852 |
8 |
|
|b CARM
|h A2:AH36H0
|i A01033
|p 0109070
|f BK
|
| 082 |
0 |
4 |
|a 823/.9/1
|2 18
|
| 999 |
f |
f |
|i b8972312-434a-5a2e-b6b0-ec857879ef18
|s e88040a5-8346-5625-bca8-c16b68c2c231
|
| 952 |
f |
f |
|p Can circulate
|a CAVAL
|b CAVAL
|c CAVAL
|d CARM 1 Store
|e A01033
|f A2:AH36H0
|h Other scheme
|i book
|m 0109070
|